| 000 | 01070nam a2200253Ia 4500 | ||
|---|---|---|---|
| 003 | OSt | ||
| 005 | 20221005111418.0 | ||
| 006 | a|||||r|||| 00| 0 | ||
| 007 | ta | ||
| 008 | 221004b |||||||| |||| 00| 0 hin d | ||
| 020 | _a8181431324 (hbk) | ||
| 024 | _a101625 | ||
| 037 | _cTextual | ||
| 040 |
_aCRL _cCRL _bhin |
||
| 041 |
_2hin _ahin |
||
| 082 | _aY:6xN, 152P4.1-.2(RR) | ||
| 100 | _aशंभुनाथ, संपा. | ||
| 245 | 0 |
_aसामाजिक क्रांति के दस्तावेज _b भारतीय नवजागरण के अग्रदूतों के लेखन और भाषण से एक चयन |
|
| 246 | _aSāmājik krāanti ke dastāveja: bhāratīya navajāgaraṇ ke agradūtoan ke lekhan aur bhāṣhaṇ se ek chayana | ||
| 260 |
_aनई दिल्ली _bवाणी प्रकाशन भारत _c2004 |
||
| 490 | _vभाग 1 | ||
| 942 |
_hY:6xN, 152P4.1-.2(RR) _cTEXL _2cc |
||
| 999 |
_c1021778 _d1021778 |
||